Biggest cities in Switzerland - Statistics

General Stats
  • This quiz has been taken 32 times
  • The average score is 7 of 10
Answer Stats
Hint Answer % Correct
5 451,771 Bern
100%
1 1,466,850 Zurich
97%
3 538,088 Basel
94%
2 650,083 Geneva
94%
4 474,272 Lausanne
74%
8 63,000 Lugano
68%
9 57,066 Luzern
61%
6 91,908 Winterthur
42%
10 48,614 Biel
23%
7 70,572 Sankt Gallen
16%
No matching quizzes found
Score Distribution
Percent of People with Each Score
Percentile by Number Answered
Your Score History
You have not taken this quiz